Retailing and economic view
Gespeichert in:
| 1. Verfasser: | |
|---|---|
| Weitere Verfasser: | |
| Format: | Buch |
| Sprache: | Englisch |
| Veröffentlicht: |
New York
The Free Press
1969
|
| Tags: |
Keine Tags, Fügen Sie das erste Tag hinzu!
|
MARC
| LEADER | 00000nam a2200000 4500 | ||
|---|---|---|---|
| 001 | c122068 | ||
| 005 | 20041019155224.2 | ||
| 041 | 0 | |a eng | |
| 044 | |a US | ||
| 245 | 1 | 0 | |a Retailing and economic view |c Douglas J. Dalrymple and Donald L. Thompson |
| 264 | 1 | |a New York |b The Free Press |c 1969 | |
| 300 | |a 389 s. | ||
| 500 | |a Vecný reg. na s. 285-389 | ||
| 100 | 1 | |a Dalrymple, Douglas J. | |
| 700 | 1 | |a Thompson, Donald L. | |